Mamíferos - Statistics

Estatísticas Gerais
  • Esse quiz foi jogado 321 vezes
  • A pontuação média é 46 de 108
Estatísticas das Respostas
# Letra inicial Mamíferos % Correto
57 L leão
95%
39 G gato
92%
13 C cachorro
90%
67 M macaco
90%
6 A baleia
88%
105 V vaca
88%
31 E elefante
85%
102 T tigre
84%
108 Z zebra
84%
18 C cavalo
82%
50 H hipopótamo
79%
86 P porco
78%
72 O onça
77%
41 G girafa
72%
94 R rato
71%
106 V veado
71%
43 G golfinho
69%
44 G gorila
69%
64 L lobo
69%
104 U urso
69%
61 L leopardo
68%
76 O ornitorrinco
66%
96 R rinoceronte
66%
49 H hiena
63%
78 O ovelha
62%
3 A anta
61%
14 C camelo
61%
24 C coelho
61%
12 C cabra
60%
35 F foca
60%
47 G guepardo/chita
60%
15 C canguru
59%
66 L lontra
57%
69 M morcego
56%
30 D dromedário
54%
55 J javali
53%
100 T tatu
53%
11 B burro
51%
16 C capivara
51%
21 C chimpanzé
51%
1 A alce
50%
10 B búfalo
49%
23 C coala
49%
58 L leão-marinho
48%
74 O orca
46%
93 R raposa
46%
99 T tamanduá
46%
34 E esquilo
45%
54 J jaguatirica
45%
38 G gambá
43%
80 P panda
43%
91 Q quati
42%
48 H hamster
40%
63 L lince
38%
62 L lhama
37%
83 P pantera
37%
90 P puma
37%
9 B boto
36%
17 C castor
36%
19 C cervo
36%
46 G guaxinim
36%
59 L lebre
36%
73 O orangotango
36%
4 A ariranha
33%
42 G gnu
32%
7 B bicho-preguiça
31%
60 L lêmure
31%
70 M morsa
31%
8 B bisão
30%
87 P porco-espinho
30%
40 G gazela
29%
37 F furão
28%
79 P paca
28%
88 P porquinho-da-índia
28%
77 O ouriço
27%
51 H homem
26%
2 A alpaca
25%
22 C chinchila
24%
98 S suricate
23%
25 C coiote
22%
95 R rena
21%
29 D doninha
20%
32 E elefante-marinho
20%
65 L lobo-marinho
20%
84 P peixe-boi
20%
33 E equidna
19%
85 P pônei
19%
89 P preá
19%
27 C cutia
18%
28 D diabo-da-tasmânia
18%
5 A asno
16%
20 C chacal
16%
53 I impala
16%
101 T texugo
15%
103 T toupeira
15%
36 F fuinha
14%
52 I iaque
12%
68 M marmota
12%
81 P panda-vermelho
12%
56 K kudu
11%
82 P pangolim
10%
107 V vicunha
10%
71 O ocapi
9%
75 O orix
8%
92 Q queixada
8%
26 C corça
6%
97 S serval
6%
45 G guanaco
5%
Nenhum quiz correspondente encontrado
Distribuição das Pontuações
Porcentagem de Pessoas com Cada Pontuação
Percentil de Números Respondidos
Sua Pontuação Histórica
Você não jogou esse quiz